Zur Wirtschaftlichkeit der Überwachung von Routinetätigkeiten. <Ein> Modell der ůberwachungs- und Kostentheorie. 2.

Závislosť hospodárnosti kontrolnej činnosti od počtu objavených chýb, nákladov na kontrolu a rozsahu dodatočných nákladov, ktorým sa kontrolou predišlo. Typický priebeh kontroly a jeho model s pomocou teórie spoľahlivosti. Spoľahlivosť ako výrobná funkcia. Hodnotenie výrobných faktorov modelu a ostá...

ver descrição completa

Na minha lista:
Detalhes bibliográficos
Autor principal: Baetge, J.
Outros Autores: Schuppert, A.
Formato: Capítulo de Livro
Idioma:alemão
Assuntos:
Tags: Adicionar Tag
Sem tags, seja o primeiro a adicionar uma tag!

MARC

LEADER 00000naa a2200000 4500
001 r005654
005 20221130104041.4
041 0 |a ger 
044 |a DE 
245 1 0 |a Zur Wirtschaftlichkeit der Überwachung von Routinetätigkeiten.  |b <Ein> Modell der ůberwachungs- und Kostentheorie. 2.  |c J. Baetge, A. Schuppert 
520 |a Závislosť hospodárnosti kontrolnej činnosti od počtu objavených chýb, nákladov na kontrolu a rozsahu dodatočných nákladov, ktorým sa kontrolou predišlo. Typický priebeh kontroly a jeho model s pomocou teórie spoľahlivosti. Spoľahlivosť ako výrobná funkcia. Hodnotenie výrobných faktorov modelu a ostávajúcich chýb pomocou hypotézy nákladov a model celkových nákladov. Porovnanie alternatív kontroly. 
610 2 0 |a kontrola podniková 
610 2 0 |a náklady 
610 2 0 |a modely ekonomické 
610 2 0 |a spoľahlivosť výrobkov 
610 2 0 |a teória spoľahlivosti 
610 2 0 |a funkcie produkčné 
100 1 |a Baetge, J. 
700 1 |a Schuppert, A.